South Eastern Kenya University

Library Online Public Access Catalogue


Coordination chemistry; (Record no. 2456)

MARC details
000 -LEADER
fixed length control field 00522cam a22001451 4500
050 00 - LIBRARY OF CONGRESS CALL NUMBER
Classification Number QD455
Item Number .I5 1962c
245 10 - TITLE
Title Coordination chemistry;
Remainder of title plenary lectures.
260 ## - PUBLICATION, DISTRIBUTION, ETC.(IMPRINT)
Place of publication, distribution, etc London,
Name of publisher, distributor, etc Butterworths,
Date of publication, distribution, etc 1963.
300 ## - PHYSICAL DESCRIPTION
Extent 123 p.
500 ## - GENERALNOTE
General note At head of title: International Union of Pure and Applied Chemistry in conjunction with the Swedish Chemical Society.
500 ## - GENERALNOTE
General note Added t. p. in French.
500 ## - GENERALNOTE
General note "Reprinted from Pure and applied chemistry, vol. 6, no. 1."
650 #0 - SUBJECT--TOPIC
Topical term following geographic name as entry element Coordination chemistry
942 ## - ADDED ENTRY ELEMENTS(KOHA)
Koha item type General circulation
Holdings
Source of classification or shelving scheme Not for loan Location (home branch) Sublocation (holding branch) Date accessioned Cost, normal purchase price Serial Enumeration / chronology Full call number Barcode Copy number Cost, replacement price Nonpublic note Koha item type Public note
Library of Congress Classification   Main Campus Library Main Campus Library 29/08/2014 3045.00 International Conference on Coordination Chemistry series QD455 .I5 1962 2017/020464 Sweden 1962 Series 3545.00 BONNIE General circulation BONNIE
Library of Congress Classification   Main Campus Library Main Campus Library 29/08/2014 3045.00 nternational Conference on Coordination Chemistry series QD455 .I5 1964 2017/020463 Austria 1964 Series 3545.00 BONNIE General circulation BONNIE
Kitui, Kenya.
+254736116989
library@seku.ac.ke